000 00663nam a2200217 i 4500
001 85941
003 ES-MaACL
005 20230906175336.0
007 t|
008 041203s1959 sp ||||1| spa d
100 1 _aKelland, Clarence Budington.
_967749
245 1 0 _aTombstone
_b: novela /
_cClarence Budington Kelland ; [traducido del inglés por Joaquina González Marina].
250 _a[1ª ed.].
260 _aBarcelona :
_bPlaneta,
_c[1959] (
_fPulcra)
300 _a310 p. ;
_c19 cm.
490 1 _aGoliat
700 1 _aGonzález-Marina, Joaquina.
_958778
830 0 _aGoliat
_9181396
852 _aES-MaACL
_jC-16126
_bR.44098
999 _c85941
_d85941